Application of tensor analysis

Αποθηκεύτηκε σε:
Λεπτομέρειες βιβλιογραφικής εγγραφής
Κύριος συγγραφέας: McConnell, A. J. (Albert Joseph)
Μορφή: Βιβλίο
Γλώσσα:English
Δημοσίευση: New York : Dover Publications, 1957.
Σειρά:Dover books on mathematics
Θέματα:
Ετικέτες: Προσθήκη ετικέτας
Δεν υπάρχουν, Καταχωρήστε ετικέτα πρώτοι!

MARC

LEADER 00000nam a2200000 a 4500
001 1/112387
008 161128s1957####nyu| ||| |||| ||eng||
020 |a 9780486603735  
020 |a 0486603733  
040 |a GR-MyUa  |b gre  |c GR-MyUa  |e AACR2 
041 0 |a eng 
082 7 |a 515.63   |2 (23)  
100 1 |a McConnell, A. J.   |q (Albert Joseph) 
245 1 0 |a Application of tensor analysis /   |c by A. J. McConnell.  
260 |a New York :   |b Dover Publications,   |c 1957.  
300 |a xii, 318 σ. :   |b σχέδια ;   |c 22 εκ.  
490 1 |a (Dover books on mathematics)  
500 |a "An unabridged and unaltered reproduction of the work originally published under the title: Applications of the absolute differential calculus." 
504 |a Βιβλιογραφία: σ. 314. Ευρετήριο. 
650 0 |a Calculus of tensors. 
830 0 |a Dover books on mathematics 
852 |a INST  |b SAMOS  |e 20161128  |h 515.63 MCC  |p 005300043985  |q 005300043985  |t BK  |y 0 
922 |a 3ΕΛΗ  |b 201610  |c Τμήμα Μαθηματικών/Μεταπτυχιακό  |d Bookpath 
970 |a Κοσιέρης  |b Χρήστος  |z 28-11-2016